UM Logo

A series-type hybrid circuit breaker concept for ultrafast DC fault protection / (Record no. 19358)

MARC details
000 -LEADER
fixed length control field 01050nam a22002417a 4500
003 - CONTROL NUMBER IDENTIFIER
control field OSt
005 - DATE AND TIME OF LATEST TRANSACTION
control field 20250910093118.0
008 - FIXED-LENGTH DATA ELEMENTS--GENERAL INFORMATION
fixed length control field 240226b ||||| |||| 00| 0 eng d
040 ## - CATALOGING SOURCE
Transcribing agency 0
082 ## - DEWEY DECIMAL CLASSIFICATION NUMBER
Classification number DPer 621.317 Ie21 June 2022 v. 37 n. 6
100 ## - MAIN ENTRY--PERSONAL NAME
Personal name Shen, Zheng John.
Relator term author.
9 (RLIN) 53340
245 ## - TITLE STATEMENT
Title A series-type hybrid circuit breaker concept for ultrafast DC fault protection /
Statement of responsibility, etc. Zheng John Shen, Yuanfeng Zhou, Risha Na, Triston Cooper, Mahmoud Al Ashi, and Thomas Wong.
260 ## - PUBLICATION, DISTRIBUTION, ETC. (IMPRINT)
Place of publication, distribution, etc. New York ;
Name of publisher, distributor, etc. The Institute of Electrical and Electronics Engineers, Inc. ,
Date of publication, distribution, etc. June 2022.
300 ## - PHYSICAL DESCRIPTION
Extent Volume 37, pages 6275-6279 :
Other physical details illustration ;
Dimensions 29 cm.
500 ## - GENERAL NOTE
General note IEEE Transactions on Power Electronics, vol. 37, no. 6, pages 6275-6279, June 2022.
700 ## - ADDED ENTRY--PERSONAL NAME
Personal name Shen, Zheng John.
Relator term author.
9 (RLIN) 53340
700 ## - ADDED ENTRY--PERSONAL NAME
Personal name Zhou, Yuanfeng.
Relator term author.
9 (RLIN) 53341
700 ## - ADDED ENTRY--PERSONAL NAME
Personal name Na, Risha.
Relator term author.
9 (RLIN) 53342
700 ## - ADDED ENTRY--PERSONAL NAME
Personal name Cooper, Triston.
Relator term author.
9 (RLIN) 53343
700 ## - ADDED ENTRY--PERSONAL NAME
Personal name Ashi, Mahmoud Al.
Relator term author.
9 (RLIN) 53344
700 ## - ADDED ENTRY--PERSONAL NAME
Personal name Wong, Thomas.
Relator term author.
9 (RLIN) 53345
942 ## - ADDED ENTRY ELEMENTS (KOHA)
Source of classification or shelving scheme Dewey Decimal Classification
Koha item type Periodicals
Holdings
Withdrawn status Lost status Source of classification or shelving scheme Damaged status Not for loan Collection code Home library Current library Date acquired Total Checkouts Full call number Date last seen Price effective from Koha item type Public note
    Dewey Decimal Classification     Periodicals UM Digos College - LIC UM Digos College - LIC 02/26/2024   DPer 621.317 Ie21 June 2022 v.37 n. 6 02/26/2024 02/26/2024 Periodicals Periodical Article